[Event "Verbandsliga Nord Baden 9900"]
[Site "Germany"]
[Date "1999.11.28"]
[Round "3.2"]
[White "Raupp, Thomas"]
[Black "Junker, Reiner"]
[Result "1/2-1/2"]
[WhiteElo "2334"]
[BlackElo "2410"]
[PlyCount "76"]
[EventDate "1999.09.26"]
[EventType "team"]
[EventRounds "9"]
[EventCountry "GER"]
[SourceTitle "EXT 2002"]
[Source "ChessBase"]
[SourceDate "2001.11.25"]
[SourceVersion "1"]
[SourceVersionDate "2001.11.25"]
[SourceQuality "1"]
[WhiteTeam "Eppingen II"]
[BlackTeam "Viernheim II"]
[WhiteTeamCountry "GER"]
[BlackTeamCountry "GER"]

1. d4 f5 2. g3 Nf6 3. Bg2 g6 4. c4 Bg7 5. Nc3 0-0 6. Nh3 d6 7. d5 c6 8. Nf4 Qe8 9. Rb1 Na6 10. 0-0 Nc7 11. b4 Ng4 12. Qb3 Kh8 13. dxc6 bxc6 14. b5 Bd7 15. bxc6 Bxc6 16. Bxc6 Qxc6 17. Ncd5 Rfe8 18. Nxc7 Qxc7 19. Ne6 Qc6 20. Nxg7 Kxg7 21. Bb2+ Nf6 22. Rfc1 Kf7 23. Qe3 Qe4 24. Qd3 Rab8 25. Bd4 a6 26. Rb3 Rec8 27. Rcb1 Nd7 28. Qxe4 fxe4 29. f3 exf3 30. Rxb8 Rxb8 31. Rxb8 Nxb8 32. exf3 Nc6 33. Bc3 e5 34. Kf2 Ke6 35. Ke3 d5 36. cxd5+ Kxd5 37. Kd3 Ne7 38. Bb4 Nc6 1/2-1/2